[Event "Montreal Pere Noel op"]
[Site "Montreal"]
[Date "2010.12.28"]
[Round "3"]
[White "Gagnon, Serge"]
[Black "Vassileva, Svetla"]
[Result "1-0"]
[WhiteElo "2034"]
[BlackElo "1732"]
[PlyCount "63"]
[EventDate "2010.12.26"]
[EventType "swiss"]
[EventRounds "5"]
[EventCountry "CAN"]
[SourceTitle "EXT 2013"]
[Source "ChessBase"]
[SourceDate "2012.11.22"]
[SourceVersion "1"]
[SourceVersionDate "2012.11.22"]
[SourceQuality "1"]

1. d4 Nf6 2. c4 g6 3. Nc3 Bg7 4. e4 d6 5. Nf3 0-0 6. Be2 e5 7. 0-0 exd4 8. Nxd4 Nbd7 9. Bg5 h6 10. Be3 Nc5 11. f3 a5 12. Qd2 Kh7 13. Rad1 Bd7 14. Ndb5 Bxb5 15. cxb5 b6 16. Bc4 Qe8 17. Rfe1 Nh5 18. Bd5 Rb8 19. Bc6 Qd8 20. Qf2 g5 21. Nd5 Na4 22. e5 Nc5 23. exd6 cxd6 24. Nxb6 Rxb6 25. Bxc5 dxc5 26. Rxd8 Rxd8 27. Qc2+ Kh8 28. g3 Bd4+ 29. Kg2 Nf6 30. b3 Nd5 31. Qf5 Nb4 32. Qxf7 1-0

[Event "Montreal Pere Noel op"]
[Site "Montreal"]
[Date "2009.12.29"]
[Round "4"]
[White "Vassileva, Svetla"]
[Black "Sprumont, Oscar"]
[Result "1/2-1/2"]
[WhiteElo "1741"]
[BlackElo "1593"]
[PlyCount "63"]
[EventDate "2009.12.26"]
[EventType "swiss"]
[EventRounds "5"]
[EventCountry "CAN"]
[SourceTitle "EXT 2011"]
[Source "ChessBase"]
[SourceDate "2010.11.26"]
[SourceVersion "1"]
[SourceVersionDate "2010.11.26"]
[SourceQuality "1"]

1. e4 d5 2. exd5 Qxd5 3. Nc3 Qd8 4. d4 Nf6 5. Nf3 c6 6. Be2 Bf5 7. 0-0 e6 8. Bf4 Be7 9. Qd2 0-0 10. Rad1 Nbd7 11. Rfe1 Bb4 12. Bd3 Bg4 13. Qe2 Bxc3 14. bxc3 Qa5 15. h3 Bxf3 16. Qxf3 Qxa2 17. c4 Qa5 18. Rb1 a6 19. Qg3 Rfc8 20. Be5 b5 21. cxb5 cxb5 22. h4 Nh5 23. Qg5 Nxe5 24. dxe5 g6 25. g4 Ng7 26. h5 Qd8 27. Qf4 Qh4 28. hxg6 hxg6 29. Re3 Nf5 30. Rf3 Nh6 31. Rg3 Nf5 32. Rf3 1/2-1/2

[Event "Montreal Pere Noel"]
[Site "Montreal"]
[Date "2007.12.27"]
[Round "1"]
[White "Vassileva, Svetla"]
[Black "Robichaud, Louis"]
[Result "0-1"]
[WhiteElo "1755"]
[BlackElo "2098"]
[PlyCount "74"]
[EventDate "2007.12.27"]
[EventType "swiss"]
[EventRounds "5"]
[EventCountry "CAN"]
[SourceTitle "EXT 2022"]
[Source "ChessBase"]
[SourceDate "2021.10.06"]
[SourceVersion "1"]
[SourceVersionDate "2021.10.06"]
[SourceQuality "1"]

1. e4 e5 2. Nf3 Nc6 3. Bc4 Bc5 4. c3 Nf6 5. d4 exd4 6. cxd4 Bb4+ 7. Bd2 Bxd2+ 8. Nbxd2 d5 9. exd5 Nxd5 10. Qb3 Na5 11. Qa4+ Nc6 12. Qb3 Nce7 13. 0-0 0-0 14. Rfe1 c6 15. Ne5 Qb6 16. Qxb6 axb6 17. Ne4 Rd8 18. Re2 f6 19. Nf3 Kf8 20. Rae1 Bg4 21. Ned2 b5 22. Bb3 Rd7 23. h3 Bh5 24. g3 Bf7 25. Ne4 b6 26. a3 Nc3 27. Bxf7 Nxe2+ 28. Rxe2 Kxf7 29. g4 Ra4 30. Rd2 b4 31. axb4 Rxb4 32. Kg2 Ra7 33. Re2 Ra2 34. g5 Rbxb2 35. Nd6+ Kf8 36. Re6 Rxf2+ 37. Kg3 Rfe2 0-1